000 00711nam a2200217Ia 4500
001 3457
003 GE_BSU
008 181216s||||||||xx |||||||||||||| ||und||
040 _cGE_BSU
080 _a621(035)+55.03
100 _aАнурьев,В.И. Бутузов,А.В. и др.
245 _aСправочник конструктора-машиностроителя. Том I.
245 _cРед. тех. Е.Д.Гракова.
260 _aМ.
260 _bИзд-во "Красное знамя
260 _c1959.
300 _a364 стр. с илл. 26 см.
300 _eТабл.
653 _aСправочник корструктора-машиностроителя.
942 _cBK
999 _c37495
_d37495